000 00621cam a22001932 4500
001 0000008680
005 20151217152039.0
008 080513s xx 000 0 eng d
020 _a0851113206 :
_cKES 890
040 _aKABU
_cKABU
100 1 _aWright, Christopher J. H.
_@0000159068
245 1 0 _aLiving as the people of God :
_bthe relevance of Old Testament ethics /
_cChristopher J. H. Wright.
260 _aLeicester, England :
_bIVP,
_c1983.
300 _a224 p.
650 0 _aBible. O. T.
_xCommentaries.
_@0000159357
908 _a080513
950 _@1
999 _c7688
_d7688